000 00395cam a2200169ua 4500
020 _c2.50
041 _amal
_h
082 _a028.762
_bKUM/LA
100 _aKumaran, V .
245 _aLaghu vijnaneeyam 1957 /
_cV Kumaran.
_hTextual Documents
260 _aCalicut :
_bP K Brothers ,
_c1957.
300 _a260 ; .
365 _a2.50
504 _a
942 _cBK
999 _c5278
_d5278